OpenGL: A primer

Gespeichert in:
Bibliographische Detailangaben
1. Verfasser: Edward Angel
Format: Buch
Sprache:Undetermined
Veröffentlicht: New York Pearson 2005
Schlagworte:
Tags: Tag hinzufügen
Keine Tags, Fügen Sie den ersten Tag hinzu!
Thư viện lưu trữ: Trung tâm Học liệu Trường Đại học Cần Thơ
LEADER 00468nam a2200193Ia 4500
001 CTU_93025
008 210402s9999 xx 000 0 und d
020 |c 270000 
082 |a 006.6 
082 |b A581 
100 |a Edward Angel 
245 0 |a OpenGL: 
245 2 |b A primer 
245 0 |c Edward Angel 
260 |a New York 
260 |b Pearson 
260 |c 2005 
650 |a opengl,computer graphics 
980 |a Trung tâm Học liệu Trường Đại học Cần Thơ